000 00292nam a22001337a 4500
020 _a0-7534-6042-4
082 _a001
_bCHA/Q
100 _aCHAPMAN, JANE
245 _aQUIZ QUEST 1
260 _aUNITED STATES
_bKINGFISHER
_c2006
300 _a156
650 _aQUIZ
_zUNITED STATES
942 _cBK
999 _c2186
_d2186